| 000 | 01195cam a2200313 a 4500 | ||
|---|---|---|---|
| 001 | sjds170080 | ||
| 003 | sjds | ||
| 005 | 20170614172317.0 | ||
| 008 | 080812s2009 nyua b 000 1 spa | ||
| 010 | _a 2008029184 | ||
| 020 | _a9780545253697 (Scholastic : pbk.) | ||
| 040 |
_aDLC _csjds _dBTCTA _dXY4 _dUtOrBLW |
||
| 041 |
_aspa _heng |
||
| 099 | _aPICTURE BOOKS RODRIGUEZ | ||
| 999 |
_c17592 _d17592 |
||
| 999 | _bPICTURE BOOKS RODRIGUEZ | ||
| 100 | 1 |
_aRodriguez, Edel, _eauthor. |
|
| 240 | _aSergio saves the game | ||
| 245 | 1 | 0 |
_aSergio salva el partido / _cby Edel Rodriguez ; [translated by Juan Pablo Lombana]. |
| 260 |
_aNew York : _bScholastic _c2010. |
||
| 300 |
_a1 volume (unpaged) : _billustrations ; _c26 cm |
||
| 520 | _aAlthough Sergio the penguin loves to play soccer, he is very clumsy and uncoordinated and he practices day and night, hoping he can help his team win the big game against the Seagulls. | ||
| 521 | 8 |
_aAD 460 _bLexile |
|
| 526 | 0 |
_aAccelerated Reader _bLG _c2.4 _d0.5 _z129568 |
|
| 650 | 0 |
_aPenguins _vJuvenile fiction. |
|
| 650 | 0 |
_aSoccer stories _vJuvenile literature. |
|
| 650 | 0 |
_aClumsiness _vJuvenile fiction. |
|
| 700 |
_aLombana, Juan Pablo _etrans. |
||
| 942 |
_cBK _2ddc |
||